| 000 | 00823nam a2200301 a 4500 | ||
|---|---|---|---|
| 001 | 2053708 | ||
| 003 | OSt | ||
| 005 | 20170130151127.0 | ||
| 008 | 940322s1993 waua 001 0 eng d | ||
| 010 | _a 93071669 | ||
| 020 |
_a0939616173 : _c$28.50 |
||
| 035 | _a(OCoLC)29606357 | ||
| 040 |
_aIStc _cIStc _dDLC |
||
| 041 | 1 |
_aeng _hfre |
|
| 042 | _alccopycat | ||
| 050 | 0 | 0 |
_aQP301 _b.C2313 1993 |
| 082 | 0 | 0 | _aQS4 C125 1991 |
| 100 | 2 |
_aCalais-Germain, Blandine. _9160 |
|
| 245 | 1 | 0 | _aAnatomy of Movement |
| 250 | _aEnglish language ed. | ||
| 260 |
_aSeattle : _bEastland Press, _cc1993. |
||
| 300 |
_ax, 289 p. : _bill. ; _c26 cm. |
||
| 504 | _aIncludes index. | ||
| 650 | 0 |
_aHuman anatomy _9161 |
|
| 650 | 0 |
_aMasculaskeletal system _9162 |
|
| 906 |
_a7 _bcbc _ccopycat _d2 _eopcn _f19 _gy-gencatlg |
||
| 942 |
_2z _cO_SHELF |
||
| 999 |
_c51 _d51 |
||